| 000 | 01929nam a2200337 a 4500 | ||
|---|---|---|---|
| 700 | 1 |
_aГранитски, Иван _qДимитров, Иван Йорданов _d1953- _gЖурналист, литературен критик, теоретик и историк, поет, публицист и издател. _eсъстав. и ред. _955767 |
|
| 999 |
_c490742 _d490742 |
||
| 003 | BLK | ||
| 005 | 20240229004025.0 | ||
| 008 | 230502b bul|||||r ||||||| ||bul|| | ||
| 020 | _a9789540917177 | ||
| 040 | _aBLK | ||
| 041 |
_aBUL _cBUL |
||
| 080 |
_aБългарска литература _b821.163.2 _x(092) _z821.163.2(092) |
||
| 080 |
_aБългарски писател _b929 Дончев, Антон Николов _z929 Дончев, Антон Николов |
||
| 139 |
_aМагическият епос на Антон Дончев _bД 78 |
||
| 245 | 1 | 0 |
_aМагическият епос на Антон Дончев _cсъстав. и ред. Иван Гранитски |
| 257 | _aBGR | ||
| 260 |
_aСофия _bЗахарий Стоянов _c2023 _fСофия : Миг принт |
||
| 300 |
_a228 с. _bс ил. _c21 см |
||
| 380 | _a82 | ||
| 500 | _aЕпическото мислене на Антон Дончев / Иван Гранитски: с. 7-9. - Иван Гранитски - псевд. на авт. на доп. материал Иван Йорданов Димитров Част от отзивите за романа "Време разделно", публикувани в чуждестранния печат: с. 177-227 | ||
| 600 | 1 | 4 |
_aДончев, Антон Николов _9365055 |
| 650 | 4 |
_aПисатели, български - творчество _9250544 |
|
| 653 | _aАнтон Дончев | ||
| 852 |
_aЦб 317640 _bЦб |
||
| 856 | 4 |
_qpdf _i0.00 _ldisable |
|
| 856 | 4 |
_qpdf _i0.00 _ldisable |
|
| 942 |
_cKNG _n0 _s1 |
||
| 944 |
_aCR _c2023-05-02 _k _lCRON CRON |
||
| 944 |
_aED _c2023-05-09 _kГГГ |
||